Cobra Kai (personnages) - Statistiques

Statistiques générales
  • Ce quiz a été pris 1 668 fois
  • Le résultat moyen est 12 sur 16
Statistiques - réponses
Par images Réponse % Correct
Miguel Diaz
98%
Samantha Larusso
98%
Robby Keene
93%
Tory Nichols
91%
Daniel Larusso
90%
Eli ou l'Aigle
89%
Johnny Lawrence
82%
Terry Silver
80%
Anthony Larusso
77%
Kenny
74%
John Kreese
71%
Chozen Toguchi
51%
Kwon
50%
Kyler
48%
Kim Da-Eun
38%
Demetri
33%
Aucun quiz correspondant
Distribution des résultats
% des personnes avec chaque résultat
Percentile par nombre de réponses
Votre historique - résultats
Vous n’avez pas pris ce quiz